000 01180nam a2200325Ia 4500
003 OSt
005 20221007123204.0
006 a|||||r|||| 00| 0
007 ta
008 221006b |||||||| |||| 00| 0 eng d
020 _a0750301716
024 _a2314
037 _cTextual
040 _aPAPL
_cPAPL
_beng
041 _2eng
_aeng
082 _aC9D8,23p1,N91, N1
100 _aTunstall D P Ed
_9716792
111 _aScottish Universitites Summer School in Physics^eU K^gSt Andrews^1June 1991
_9716793
245 0 _aHigh temperature superconductivity: proceedings of the thirty-ninth Scottish Univerisites Summer School in Physics, St Andrews, June 1991 ed by D P Tunstall and W Barford
_b Barford W Ed
260 _aNew
_bYork Adam Hilger
_c1991
300 _a404p
_ccm.
490 _aScottish Universities summer school in physics; 39
650 _a High temperature
_9716794
650 _a International Conference
_9716795
650 _a Superconductivity
_9642647
650 _aPhysics
700 _a Barford W Ed
_9716796
942 _hC9D8,23p1,N91, N1
_cTEXL
_2CC
999 _c1211506
_d1211506